| 000 | 00398 a2200157 4500 | ||
|---|---|---|---|
| 020 | _a9780321001986 | ||
| 024 | _a0321001982 | ||
| 082 | _a658.8'02 | ||
| 090 |
_c6781 _d6781 |
||
| 100 | _aRao,Vithala R. | ||
| 245 |
_aAnalysis for Strategic Marketing. _cVithala R.Rao |
||
| 260 |
_aNew York _bAddison-Wesley _c1998. |
||
| 300 | _a514p. | ||
| 500 | _aPaper cover | ||
| 942 |
_aNBS _cBK _k658.8'02 RAO |
||
| 999 |
_c349125 _d349125 |
||